| 000 | 00000nam##2200000za#4500 |
| 001 | 9.686227 |
| 003 | CaOODSP |
| 005 | 20210624230435 |
| 007 | cr ||||||||||| |
| 008 | 150407|1996||||xxc|||||o f|0| 0 eng|d |
| 020 | |a0-662-30852-2 |
| 040 | |aCaOODSP|beng |
| 043 | |an-cn--- |
| 086 | 1 |aE2-403/1996E-IN |
| 110 | 1 |aCanada.|bForeign Affairs and International Trade. |bCanadian Centre for Foreign Policy Development. |
| 245 | 10|aCanada-China Relations : |h[electronic resource]|broundtable Report (November 19, 1996) |
| 260 | |aOttawa - Ontario : |bForeign Affairs and International Trade. |c[1996]. |
| 300 | |a3p. |
| 590 | |a10-09-Supp|b2010-11-02 |
| 690 | 07|aExternal relations|2gcpds |
| 690 | 07|aForeign policy|2gcpds |
| 776 | 0#|tCanada-China relations : |w(CaOODSP)9.648259 |
| 856 | 40|ahttp://publications.gc.ca|qPDF|s43 KB|uhttps://publications.gc.ca/collections/Collection/E2-403-1996E.pdf |
| 986 | |a5009.1E |